000 00716nam a2200253 a 4500
001 BRCA_4439
005 20190320204654.0
008 240810s1939----mx-a###f##---#001-0#spa-u
041 _aspa
044 _amx
050 4 _aF1232
_b.B65 1939
245 1 0 _aBoletín del Archivo General de la Nación.
260 _aMéxico
_bAGN
_c1939
300 _ap. 437-645
_bil.
_c24 cm.
500 _aBoletín inventariado por Banco de México como libro
500 _aNúm. 3, Tomo X
500 _aB114
610 2 4 _aArchivo General de la Nación (México)
_99882
650 1 4 _aUniformes militares
_99323
650 1 4 _aIndumentaria
_zMéxico
_9808
651 4 _aMéxico
_xHistoria
_9614
902 _aGFM
942 _2lcc
_cB
999 _c4148
_d4148